header

Redox biocatalysis (Record no. 97183)

MARC details
000 -LEADER
fixed length control field 01306nam a2200337Ia 4500
082 04 - DEWEY DECIMAL CLASSIFICATION NUMBER
Classification number 660.6/34
245 00 - TITLE STATEMENT
Title Redox biocatalysis
260 ## - PUBLICATION, DISTRIBUTION, ETC. (IMPRINT)
Place of publication Hoboken, N.J. :
Name of publisher Wiley,
Year of publication 2012.
300 ## - PHYSICAL DESCRIPTION
Number of Pages x, 537 p. :
Other physical details ill.
650 #0 - SUBJECT ADDED ENTRY--TOPICAL TERM
Topical Term Environmental chemistry
Topical Term Environmental chemistry.
Topical Term Enzymes.
Topical Term Oxidation-reduction reaction.
700 1# - ADDED ENTRY--PERSONAL NAME
Personal name Gamenara, Daniela,
856 40 - ELECTRONIC LOCATION AND ACCESS
Uniform Resource Identifier http://site.ebrary.com/lib/rucke/Doc?id=10605288

No items available.

© 2026 Rongo University
Contact us: librarian | system librarian | Rongo university